004340000a22001690004500090001400000110002900014710001800043245003100061246003200092300001100124041002300135260002700158260004100185260001000226942001100236999001700247 aMMb002661 aCITES Secretariat9226441 aPNUMA910108510aChecklist of CITES species3 aLista de las especies CITES aCD-ROM0 aInglés/Español aCambridgebCITESc2008 bWorld Conservation Monitoring Centre bPNUMA cCD-ROM c16651d16651